00427nam a22001457a 450000500170000000800410001702000140005804100130007208200150008510000250010024500650012526000360019030000300022665000250025620231101065017.0231101b |||||||| |||| 00| 0 eng d a040904136 aEnglish  a346.7 MES  aMeskin, PMlEnglish  aInsolvency Law and its operation in winding-up / cPM Meskin aDurban : bButterworths, c1990 bxi, 143 pages ; c26 cm.  alegal practice bLaw